logo

Bir Sreshtho Munshi Abdur Rouf Library
Jhenaidah Cadet College

Wordsworth "Lyrical Ballads"; / (Record no. 10018)

MARC details
000 -LEADER
fixed length control field 00891cam a2200289 4500
001 - CONTROL NUMBER
JCCL Control Number 10018
003 - CONTROL NUMBER IDENTIFIER
JCCL marc code BD-JhCC
005 - DATE AND TIME OF LATEST TRANSACTION
control field 20180404122529.0
008 - FIXED-LENGTH DATA ELEMENTS--GENERAL INFORMATION
fixed length control field 180404s1972 enk b 001 0 eng
020 ## - INTERNATIONAL STANDARD BOOK NUMBER
International Standard Book Number 0333074084
-- 0333011279 (pbk.)
035 ## - SYSTEM CONTROL NUMBER
system control number (BD-JhCC)10018
040 ## - CATALOGING SOURCE
Original cataloging agency DLC
Transcribing agency DLC
Modifying agency DLC
-- BD-JhCC
041 ## - LANGUAGE CODE
Language code of Book eng
050 00 - LIBRARY OF CONGRESS CALL NUMBER
Classification number PR5869.L93
Item number J6
082 00 - DEWEY DECIMAL CLASSIFICATION NUMBER
Classification number 821/.7
Author mark and Year JON 1972
100 1# - MAIN ENTRY--PERSONAL NAME
Personal name Jones, Alun R.
Fuller form of name (Alun Richard),
245 10 - TITLE STATEMENT
Title Wordsworth "Lyrical Ballads"; /
Statement of responsibility, etc a casebook edited by Alun R. Jones and William Tydeman.
260 ## - PUBLICATION, DISTRIBUTION, ETC. (IMPRINT)
Place of publication, distribution, etc London :
Name of publisher, distributor, etc Macmillan,
Date of publication, distribution, etc 1972.
300 ## - PHYSICAL DESCRIPTION
Pagination 253 p.
Dimensions 20 cm.
350 ## - PRICE (NR) (BK AM CF MU VM SE) [OBSOLETE]
Price £2.00
490 0# - SERIES STATEMENT
Series statement Casebook series
504 ## - BIBLIOGRAPHY, ETC. NOTE
Bibliography, etc Bibliography: p. [245]-247.
600 10 - SUBJECT ADDED ENTRY--PERSONAL NAME
Personal name Wordsworth, William,
Dates associated with a name 1770-1850.
Title of a work Lyrical ballads
General subdivision Examinations
-- Study guides.
700 1# - ADDED ENTRY--PERSONAL NAME
Personal name Tydeman, William,
942 ## - ADDED ENTRY ELEMENTS (KOHA)
Source of classification or shelving scheme Dewey Decimal Classification
Koha item type Reference
Holdings
Source of classification or shelving scheme Damaged status Not for loan Home library Current library Shelving location Date of accession Total Checkouts Full call number Barcode Date last seen Copy number Koha item type
Dewey Decimal Classification     JCC Rouf Library JCC Rouf Library General Stacks 04/04/2018   821/.7 JON 1972 13447 04/04/2018 C-1 Reference

JCC Library | Contacts | JCC Home

Last Update on 23 September 2017
Copyright @ 2017-2020 JCC Rouf Library
Rouf Library, Jhenidah Cadet College (JCC), Bangladesh